[Event "2nd Easter 4NCL Congress"]
[Site "Daventry"]
[Date "2022.04.18"]
[Round "7"]
[Board "13"]
[White "Dunne, David C"]
[Black "Constable, John"]
[Result "1-0"]
[WhiteElo "1497"]
[BlackElo "1595"]
[PlyCount "105"]
[EventDate "2022.04.15"]
[EventRounds "7"]
[EventCountry "ENG"]

1. e4 g6 2. d4 Bg7 3. Be3 d6 4. Nc3 a6 5. Bc4 b5 6. Bb3 Bb7 7. f3 Nd7 8. Qd2 c5
9. Bd5 Bxd5 10. exd5 Ngf6 11. Nge2 b4 12. Ne4 Nxd5 13. O-O-O Nxe3 14. Qxe3 Qa5
15. Nxd6+ Kf8 16. Qf4 Nf6 17. Kb1 cxd4 18. Nxd4 exd6 19. Qxd6+ Kg8 20. Nc6 Bf8
21. Qxf6 Qc7 22. Rhe1 Bg7 23. Rd8+ Rxd8 24. Qxd8+ Qxd8 25. Nxd8 Bf8 26. Re8 Kg7
27. Nc6 Bd6 28. Re4 Bxh2 29. Nxb4 Rd8 30. c4 Rd2 31. g4 Rf2 32. Nxa6 Rxf3 33.
c5 Rf6 34. Nb4 Bg1 35. c6 Bb6 36. Rc4 Rf1+ 37. Kc2 Rf2+ 38. Kc3 Rf3+ 39. Nd3
Bc7 40. Kd4 Bb6+ 41. Kc3 Bc7 42. b4 Re3 43. b5 Ba5+ 44. Kc2 Re2+ 45. Kb3 Bb6
46. c7 Bxc7 47. Rxc7 Re3 48. Rc3 Re8 49. Nc5 Rb8 50. Kc4 Ra8 51. a4 Rc8 52. a5
Kf8 53. a6  1-0

[Event "2nd Easter 4NCL Congress"]
[Site "Daventry"]
[Date "2022.04.18"]
[Round "7"]
[Board "14"]
[White "Liu, Jacob"]
[Black "Hadfield, Roy"]
[Result "1-0"]
[WhiteElo "1415"]
[BlackElo "1585"]
[PlyCount "134"]
[EventDate "2022.04.15"]
[EventRounds "7"]
[EventCountry "ENG"]

1. e4 c5 2. Nf3 e6 3. d4 cxd4 4. Nxd4 a6 5. Be3 Nf6 6. Bd3 b5 7. O-O Bb7 8. f3
d6 9. Nc3 Nbd7 10. a3 Be7 11. Qe2 Qc7 12. Rfd1 Rc8 13. a4 b4 14. Na2 d5 15.
exd5 Nxd5 16. Bc1 Bc5 17. Be4 Qe5 18. c3 b3 19. Nb4 Nxb4 20. cxb4 Bxd4+ 21. Kh1
Bxe4 22. fxe4 O-O 23. Qd3 Ba7 24. Qxd7 Bb8 25. g3 Qxe4+ 26. Kg1 Rc2 27. Bd2
Rcc8 28. Be1 Rc2 29. Bf2 Qe2 30. Rf1 Rd2 31. Qb7 Rfd8 32. b5 a5 33. b6 h6 34.
Rae1 Qg4 35. Be3 Rxb2 36. Qxf7+ Kh8 37. Bxh6 Qd4+ 38. Be3 Qe4 39. Rf2 Rxf2 40.
Bxf2 Qg4 41. Qe7 Rc8 42. b7 Rg8 43. Rxe6 Qd1+ 44. Re1 Qc2 45. Kg2 b2 46. Qh4+
Qh7 47. Qxh7+ Kxh7 48. Rb1 Re8 49. Rxb2 Re4 50. Rc2 Rb4 51. Be1 Rxb7 52. Bxa5
Ra7 53. Rc5 Ra6 54. Rb5 Ra8 55. Bc3 Bc7 56. Rb7 Bd8 57. Rxg7+ Kh6 58. Rg8 Rc8
59. Bd2+ Kh7 60. Re8 Kg6 61. Kh3 Ra8 62. Bf4 Kf7 63. Rh8 Kg7 64. Be5+ Kf7 65.
Bc7 Ke7 66. Bxd8+ Rxd8 67. Rxd8 Kxd8  1-0

[Event "2nd Easter 4NCL Congress"]
[Site "Daventry"]
[Date "2022.04.18"]
[Round "7"]
[Board "15"]
[White "Ward, Oliver J"]
[Black "Cox, Lucian"]
[Result "1-0"]
[WhiteElo "1415"]
[BlackElo "1545"]
[PlyCount "115"]
[EventDate "2022.04.15"]
[EventRounds "7"]
[EventCountry "ENG"]

1. d4 Nf6 2. c4 g6 3. Nc3 Bg7 4. e4 d6 5. h3 O-O 6. Be3 e5 7. Nf3 Nc6 8. d5 Ne7
9. Be2 Ne8 10. Nd2 f5 11. f3 f4 12. Bf2 Nf6 13. c5 g5 14. cxd6 cxd6 15. Rc1 a6
16. a4 h5 17. Nc4 h4 18. Bb6 Qd7 19. Ba5 Ng6 20. Bb4 b5 21. Nb6 Qb7 22. Nxa8
Qxa8 23. Bxd6 Rd8 24. Bc7 Rd7 25. Ba5 bxa4 26. Qxa4 Nh5 27. O-O Ng3 28. Rf2 Qa7
29. Bd3 Bf8 30. Qc6 Ne7 31. Qb6 Qxb6 32. Bxb6 Rb7 33. Na4 Rb8 34. Rfc2 Bd7 35.
Nc5 Be8 36. Bc7 Rc8 37. Bxe5 Ng6 38. Bf6 Bh6 39. e5 Kf7 40. d6 Bc6 41. Bc4+ Ke8
42. e6 Kf8 43. d7 Rb8 44. d8=Q+ Rxd8 45. Bxd8 Nf5 46. Bxa6 Ne3 47. Nd7+ Bxd7
48. exd7 Nxc2 49. Rxc2 Ne5 50. Bb5 Kf7 51. Bc7 Nxd7 52. Bxd7 Bg7 53. b4 Bd4+
54. Kf1 Ke7 55. Bg4 Ke8 56. b5 Ke7 57. b6 Bxb6 58. Bxb6  1-0

[Event "2nd Easter 4NCL Congress"]
[Site "Daventry"]
[Date "2022.04.18"]
[Round "7"]
[Board "16"]
[White "Matilal, Tamal K"]
[Black "Darbost, Fabien"]
[Result "1-0"]
[WhiteElo "1451"]
[BlackElo "1258"]
[PlyCount "115"]
[EventDate "2022.04.15"]
[EventRounds "7"]
[EventCountry "ENG"]

1. b4 d5 2. Bb2 e6 3. Nf3 Bxb4 4. Bxg7 Ne7 5. Bxh8 Qd6 6. c3 Bc5 7. d4 Bb6 8.
Qd3 Qf4 9. e3 Qh6 10. Ne5 f6 11. Ng4 Qg6 12. Nxf6+ Kd8 13. Nxh7 Qxd3 14. Bxd3
Nbc6 15. Bf6 a6 16. Nf8 Ke8 17. Ng6 Nxg6 18. Bxg6+ Kd7 19. h4 Ne7 20. Bxe7 Kxe7
21. h5 Bd7 22. h6 Rh8 23. h7 Kf6 24. Bd3 Be8 25. Rh6+ Kg7 26. Rxe6 Kf8 27. Nd2
c6 28. O-O-O Bf7 29. Rd6 Be8 30. Rh1 Bc7 31. Rf6+ Bf7 32. Bg6 Kg7 33. Rxf7+
Kxg6 34. Rxc7 b5 35. Rxc6+ Kg7 36. Rxa6 b4 37. cxb4 Kf7 38. Rhh6 Ke7 39. Ra7+
Kd8 40. Rc6 Re8 41. h8=Q Rxh8 42. Ra8+ Kd7 43. Rxh8 Kxc6 44. a4 Kb7 45. Rh6 Ka7
46. Nb3 Kb7 47. Nc5+ Ka7 48. b5 Ka8 49. Rh7 Kb8 50. a5 Ka8 51. a6 Kb8 52. a7+
Ka8 53. Rh8+ Kxa7 54. Rh6 Kb8 55. Rh7 Ka8 56. b6 Kb8 57. Na6+ Ka8 58. Ra7#  1-0

[Event "2nd Easter 4NCL Congress"]
[Site "Daventry"]
[Date "2022.04.18"]
[Round "7"]
[Board "17"]
[White "Fraser, Chris A"]
[Black "Griffin-Young, Sebastian"]
[Result "1-0"]
[WhiteElo "1631"]
[BlackElo "1431"]
[PlyCount "81"]
[EventDate "2022.04.15"]
[EventRounds "7"]
[EventCountry "ENG"]

1. e4 c5 2. Nc3 Nc6 3. f4 g6 4. Nf3 Bg7 5. Bb5 Qc7 6. d3 e6 7. Bxc6 Qxc6 8. e5
Ne7 9. Ne4 O-O 10. Nd6 f6 11. O-O fxe5 12. Nxc8 Raxc8 13. fxe5 Rf5 14. Qe2 c4
15. d4 Nd5 16. c3 b5 17. a3 a5 18. Bd2 Qb6 19. Nh4 Rxf1+ 20. Rxf1 Rf8 21. Rxf8+
Bxf8 22. Qe1 b4 23. axb4 axb4 24. Nf3 b3 25. h4 Kh8 26. Ng5 h6 27. Nf7+ Kg8 28.
Nxh6+ Bxh6 29. Bxh6 Kh7 30. Bg5 Qb7 31. Qf2 d6 32. Qf8 dxe5 33. Qh6+ Kg8 34.
Qxg6+ Qg7 35. Qxe6+ Qf7 36. Qc8+ Qf8 37. Qxc4 Qa8 38. Qxb3 Kg7 39. dxe5 Qd8 40.
Qb7+ Qc7 41. Qxd5  1-0

[Event "2nd Easter 4NCL Congress"]
[Site "Daventry"]
[Date "2022.04.18"]
[Round "7"]
[Board "18"]
[White "Goldsmith, Jennifer"]
[Black "Wilson, Jeff"]
[Result "1/2-1/2"]
[WhiteElo "1431"]
[BlackElo "1447"]
[PlyCount "74"]
[EventDate "2022.04.15"]
[EventRounds "7"]
[EventCountry "ENG"]

1. d4 d5 2. Nf3 Nc6 3. Bf4 Nf6 4. Nbd2 e6 5. e3 Be7 6. Be2 O-O 7. h3 Re8 8. O-O
a6 9. c4 h6 10. Qc2 Bf8 11. a3 Ne7 12. Ne5 dxc4 13. Bxc4 b5 14. Bd3 Bb7 15.
Rac1 Rc8 16. Nef3 Nc6 17. Nb3 Bd6 18. Nc5 Bxc5 19. Qxc5 Qd5 20. Qxd5 Nxd5 21.
Bg3 Red8 22. Nd2 Nb8 23. Nb3 c6 24. Nc5 Ba8 25. Bxb8 Rxb8 26. Nxa6 Rb6 27. Nc5
Kf8 28. Rc2 Ke7 29. Rfc1 Kd6 30. Ne4+ Kc7 31. Nc5 Re8 32. Nb3 Rd8 33. Rc5 Kd6
34. Nd2 f5 35. Nf3 Ne7 36. Ne5 Rf8 37. Be2 f4  1/2-1/2

[Event "2nd Easter 4NCL Congress"]
[Site "Daventry"]
[Date "2022.04.18"]
[Round "7"]
[Board "19"]
[White "Beswick, Andrew"]
[Black "Pasari, Rohan"]
[Result "1-0"]
[WhiteElo "1684"]
[BlackElo "1510"]
[PlyCount "97"]
[EventDate "2022.04.15"]
[EventRounds "7"]
[EventCountry "ENG"]

1. e4 e5 2. d4 exd4 3. c3 Qe7 4. Bd3 d5 5. Qe2 dxe4 6. Bxe4 Nf6 7. Bf3 Qxe2+ 8.
Nxe2 dxc3 9. Nbxc3 Bb4 10. O-O O-O 11. Nb5 Na6 12. Bf4 c6 13. Nbd4 Re8 14. Rad1
Bc5 15. Nxc6 Bg4 16. Bxg4 Nxg4 17. Ncd4 Rad8 18. h3 Nf6 19. Bg5 Rd6 20. Be3 Nd5
21. Nf5 Nxe3 22. Nxd6 Bxd6 23. fxe3 Bc5 24. Rd7 h6 25. Rfxf7 Rxe3 26. Rxg7+ Kf8
27. Kf1 Re6 28. Ng1 Nb4 29. Rh7 Ke8 30. Rxb7 Nc6 31. Nf3 Rf6 32. Rh8+ Bf8 33.
Kg1 Rf4 34. Rc7 Nd8 35. Rxa7 Nf7 36. Ra8+ Nd8 37. Ne5 Re4 38. Ng6 Kf7 39. Rxf8+
Kxg6 40. Rfxd8 Re1+ 41. Kf2 Re7 42. Ra6+ Kf7 43. Rxh6 Kg7 44. Rhd6 Rf7+ 45. Kg3
Kh7 46. R8d7 Rg7+ 47. Rxg7+ Kh8 48. Ra7 Kg8 49. Rd8#  1-0

[Event "2nd Easter 4NCL Congress"]
[Site "Daventry"]
[Date "2022.04.18"]
[Round "7"]
[Board "21"]
[White "Constable, Christine F"]
[Black "Veeturi, Yashvardhan"]
[Result "1/2-1/2"]
[WhiteElo "1560"]
[BlackElo "1165"]
[PlyCount "118"]
[EventDate "2022.04.15"]
[EventRounds "7"]
[EventCountry "ENG"]

1. d4 Nf6 2. c4 g6 3. g3 Bg7 4. Bg2 e6 5. Nf3 Nc6 6. O-O d5 7. Bg5 O-O 8. Nbd2
Bd7 9. e3 Qc8 10. cxd5 exd5 11. Rc1 Bh3 12. Ne5 Nxe5 13. dxe5 Ne8 14. Nf3 Bxg2
15. Kxg2 Qe6 16. Qd4 c6 17. b3 h6 18. Qh4 h5 19. Qd4 Nc7 20. Bf6 Bxf6 21. exf6
Rfd8 22. Qf4 Ne8 23. Kg1 Nxf6 24. Ng5 Qd6 25. Qf3 Qe5 26. h4 Rd7 27. Rfd1 Rad8
28. Rd4 Nh7 29. Nh3 Rd6 30. Nf4 Rf6 31. Qd1 Nf8 32. Nd3 Qd6 33. Nc5 Qc7 34. Ne4
Re6 35. Nc3 Nd7 36. Nb5 Qa5 37. Nc3 b5 38. Qc2 Rc8 39. Qb1 Ne5 40. Nxd5 Nf3+
41. Kg2 Nxd4 42. exd4 Rce8 43. Ne3 Qd2 44. Rd1 Qe2 45. Re1 Qd2 46. Rd1 Qb4 47.
Qd3 Qa5 48. Qb1 Qd8 49. d5 cxd5 50. Rxd5 Qa8 51. Kh2 Rxe3 52. Rg5 Re2 53. Rxg6+
Kf8 54. Qf5 Re1 55. Qc5+ R8e7 56. Rc6 Kg7 57. Qg5+ Kf8 58. Qh6+ Kg8 59. Qg5+
Kf8  1/2-1/2

[Event "2nd Easter 4NCL Congress"]
[Site "Daventry"]
[Date "2022.04.18"]
[Round "7"]
[Board "22"]
[White "Vaidyanathan, Sathya"]
[Black "Wright, George A"]
[Result "1-0"]
[WhiteElo "1280"]
[BlackElo "1522"]
[PlyCount "143"]
[EventDate "2022.04.15"]
[EventRounds "7"]
[EventCountry "ENG"]

1. e4 c6 2. d4 d5 3. exd5 cxd5 4. Nf3 g6 5. Bf4 Bg7 6. c3 Nf6 7. Nbd2 O-O 8.
Be2 Bf5 9. Qb3 Qb6 10. Bxb8 Qxb3 11. Nxb3 Raxb8 12. O-O a6 13. Rac1 Nh5 14. g3
Bh6 15. Ra1 Rfe8 16. Ne5 Bh3 17. Rfe1 Nf6 18. Bf1 Bf5 19. Bd3 e6 20. Bxf5 exf5
21. Nc5 Re7 22. Re2 Kg7 23. Rae1 f4 24. Ned7 Rxe2 25. Rxe2 Rh8 26. Nxf6 Kxf6
27. Nd7+ Kg7 28. Nc5 fxg3 29. fxg3 Bc1 30. b3 Rc8 31. Rc2 Be3+ 32. Kg2 f5 33.
Nxb7 Rf8 34. Nc5 Rf6 35. Re2 f4 36. gxf4 Bxf4 37. Rf2 g5 38. Nd3 Kg6 39. Nxf4+
gxf4 40. Kf3 Kg5 41. Rg2+ Kf5 42. Rg4 Rc6 43. Rxf4+ Ke6 44. Ke2 Rxc3 45. Kd2
Rh3 46. Rf2 h5 47. Re2+ Kd6 48. Rg2 a5 49. Rg6+ Ke7 50. Rg5 Rxh2+ 51. Kc3 Rh3+
52. Kb2 Kd6 53. Rg6+ Ke7 54. Ra6 Rd3 55. Rxa5 Rxd4 56. Kc3 Rh4 57. Rxd5 Ke6 58.
Rd4 Rxd4 59. Kxd4 Kf5 60. Ke3 Kg4 61. Kf2 h4 62. Kg2 h3+ 63. Kh2 Kf4 64. Kxh3
Ke4 65. Kg4 Kd4 66. Kf5 Kc5 67. Ke5 Kb5 68. Kd5 Ka5 69. Kc6 Kb4 70. Kb6 Ka3 71.
Kc5 Kb2 72. b4  1-0

[Event "2nd Easter 4NCL Congress"]
[Site "Daventry"]
[Date "2022.04.18"]
[Round "7"]
[Board "23"]
[White "Baan, Radha"]
[Black "Keshari, Krish"]
[Result "0-1"]
[WhiteElo "1144"]
[BlackElo "1218"]
[PlyCount "84"]
[EventDate "2022.04.15"]
[EventRounds "7"]
[EventCountry "ENG"]

1. d4 f5 2. Bf4 Nf6 3. e3 g6 4. c4 Bg7 5. Nf3 O-O 6. h4 d6 7. d5 c6 8. Ng5 h6
9. h5 hxg5 10. Bxg5 Qa5+ 11. Nc3 Ne4 12. Rc1 Nxg5 13. hxg6 e5 14. Qh5 Bf6 15.
f4 Bg7 16. fxg5 Rd8 17. Bd3 e4 18. Be2 c5 19. O-O Qc7 20. g4 Bxc3 21. bxc3 Rf8
22. Qh6 Qg7 23. Qxg7+ Kxg7 24. gxf5 Rxf5 25. Bh5 Rxg5+ 26. Kh2 Rxh5+ 27. Kg3
Kxg6 28. Rf4 Bf5 29. Rb1 b6 30. Rh4 Rxh4 31. Kxh4 Nd7 32. Rg1+ Kf6 33. Rg5 Rh8+
34. Rh5 Rxh5+ 35. Kxh5 Ne5 36. a4 Nxc4 37. Kh6 Nxe3 38. Kh5 Nxd5 39. c4 e3 40.
cxd5 e2 41. a5 e1=Q 42. axb6 Qh1#  0-1

[Event "2nd Easter 4NCL Congress"]
[Site "Daventry"]
[Date "2022.04.18"]
[Round "7"]
[Board "24"]
[White "Patel, Diah Dipal"]
[Black "Sartain, Patrick P"]
[Result "1-0"]
[WhiteElo "1318"]
[BlackElo "1570"]
[PlyCount "59"]
[EventDate "2022.04.15"]
[EventRounds "7"]
[EventCountry "ENG"]

1. e4 d6 2. d4 h6 3. Nf3 Bg4 4. Be2 Nf6 5. Nc3 a6 6. Be3 e6 7. h3 Bh5 8. d5 e5
9. g4 Bg6 10. Qd3 Be7 11. O-O-O b5 12. h4 Nfd7 13. h5 Bh7 14. Rhg1 c5 15. g5 c4
16. Qd2 f5 17. g6 f4 18. Bxf4 exf4 19. gxh7 Rxh7 20. Qxf4 Nf6 21. e5 dxe5 22.
Qxe5 Nbd7 23. Qf5 Nf8 24. Ne5 Qd6 25. Ng6 Nxg6 26. Rxg6 Rh8 27. Ne4 Qd7 28. Qe5
Nxe4 29. Qxe4 O-O-O 30. Bg4  1-0

[Event "2nd Easter 4NCL Congress"]
[Site "Daventry"]
[Date "2022.04.15"]
[Round "1"]
[Board "1"]
[White "Gibbs, Dominic V"]
[Black "Gartside, Carl"]
[Result "1-0"]
[WhiteElo "1993"]
[BlackElo "1844"]
[PlyCount "111"]
[EventDate "2022.04.15"]
[EventRounds "7"]
[EventCountry "ENG"]

1. e4 e5 2. Nf3 Nc6 3. Bb5 a6 4. Ba4 Nf6 5. O-O Be7 6. Qe2 d6 7. c3 b5 8. Bb3
O-O 9. Rd1 Bg4 10. h3 Bh5 11. d3 Na5 12. Bc2 c5 13. Nbd2 Nc6 14. Nf1 Qc7 15.
Ng3 Bxf3 16. Qxf3 Rfd8 17. Nf5 g6 18. Nxe7+ Qxe7 19. Bg5 Kg7 20. Qe3 Rac8 21.
Rf1 d5 22. f4 Rd6 23. Qxc5 dxe4 24. fxe5 Qxe5 25. Qxe5 Nxe5 26. d4 Ned7 27. a3
Re8 28. Rae1 Rde6 29. Bb3 R6e7 30. a4 h6 31. Bf4 Nf8 32. axb5 axb5 33. Be5 Rxe5
34. dxe5 Rxe5 35. Kf2 Nh5 36. Ke3 f5 37. g4 Nf6 38. Kd4 Re8 39. gxf5 Rd8+ 40.
Ke3 Rd3+ 41. Ke2 Rxh3 42. fxg6 Nxg6 43. Rf5 Rh2+ 44. Kd1 Rxb2 45. Rxb5 h5 46.
Rb7+ Kh6 47. Bd5 Nxd5 48. Rxb2 Nxc3+ 49. Kc2 Nd5 50. Rxe4 Ndf4 51. Kd1 Kg5 52.
Kd2 h4 53. Ke3 h3 54. Kf3 Nh4+ 55. Kg3 Nf5+ 56. Kh2  1-0

[Event "2nd Easter 4NCL Congress"]
[Site "Daventry"]
[Date "2022.04.15"]
[Round "1"]
[Board "2"]
[White "Waterfield, Mark Bw"]
[Black "Angheluta, Ovidiu"]
[Result "0-1"]
[WhiteElo "1832"]
[BlackElo "1992"]
[PlyCount "40"]
[EventDate "2022.04.15"]
[EventRounds "7"]
[EventCountry "ENG"]

1. e4 d5 2. exd5 Qxd5 3. Nc3 Qa5 4. Nf3 Nf6 5. Bc4 Bg4 6. d3 Nc6 7. O-O O-O-O
8. h3 h5 9. Nb5 e5 10. hxg4 hxg4 11. Bd2 Qb6 12. Be3 Bc5 13. Bxc5 Qxc5 14. Ng5
e4 15. Qc1 Qe5 16. g3 a6 17. Nc3 Nd4 18. dxe4 Qxg5 19. f4 Qh5 20. Kf2 Qh2+  0-1

[Event "2nd Easter 4NCL Congress"]
[Site "Daventry"]
[Date "2022.04.15"]
[Round "1"]
[Board "3"]
[White "Ortiz Sanchez, Luis"]
[Black "Basson, Heinrich"]
[Result "1/2-1/2"]
[WhiteElo "1987"]
[BlackElo "1823"]
[PlyCount "106"]
[EventDate "2022.04.15"]
[EventRounds "7"]
[EventCountry "ENG"]

1. d4 d5 2. Nf3 Nf6 3. c3 c6 4. Qc2 Bg4 5. Ne5 Bh5 6. Qf5 Nbd7 7. Qh3 Rg8 8. g4
Bg6 9. Nxg6 hxg6 10. g5 Nh5 11. e4 dxe4 12. Be3 e6 13. Nd2 Qc7 14. Nxe4 Nb6 15.
O-O-O O-O-O 16. Kb1 Be7 17. Qf3 Rdf8 18. c4 Kb8 19. Nc3 Bb4 20. Bc1 Bxc3 21.
Qxc3 Rd8 22. Be3 Rh8 23. Be2 Nf4 24. Bf3 Rh3 25. Bg4 Rh4 26. h3 Rdh8 27. Bc1 f5
28. gxf6 gxf6 29. Qg3 g5 30. Bxf4 gxf4 31. Qd3 f5 32. Be2 Qh7 33. Qf3 Qe7 34.
Rhe1 Qb4 35. a3 Qe7 36. Bf1 Qf6 37. Bg2 Nxc4 38. Qe2 f3 39. Bxf3 Rxd4 40. Rxd4
Qxd4 41. Rd1 Qf4 42. Qd3 a6 43. Be2 Nb6 44. Qb3 Ka7 45. Qxe6 Qxf2 46. Rf1 Qg2
47. Rxf5 Rxh3 48. Qe5 Rh1+ 49. Kc2 Rh2 50. Kd1 Rh1+ 51. Kc2 Rh2 52. Kd1 Rh1+
53. Kc2 Rh2  1/2-1/2

[Event "2nd Easter 4NCL Congress"]
[Site "Daventry"]
[Date "2022.04.15"]
[Round "1"]
[Board "4"]
[White "Coburn, Joseph A"]
[Black "Arora, Tashika"]
[Result "1/2-1/2"]
[WhiteElo "1818"]
[BlackElo "1986"]
[PlyCount "151"]
[EventDate "2022.04.15"]
[EventRounds "7"]
[EventCountry "ENG"]

1. d4 Nf6 2. c4 e6 3. Nf3 b6 4. g3 Bb7 5. Bg2 Be7 6. Nc3 Ne4 7. Nxe4 Bxe4 8.
O-O O-O 9. Nh4 Bxg2 10. Nxg2 d5 11. cxd5 exd5 12. Bf4 Qd7 13. Rc1 c5 14. e3 c4
15. e4 b5 16. exd5 Qxd5 17. Ne3 Qd7 18. b3 cxb3 19. axb3 Na6 20. d5 Bc5 21. Qg4
f5 22. Qf3 Rad8 23. Rfd1 Qe7 24. d6 Qe4 25. Qxe4 fxe4 26. Rd5 Bxe3 27. fxe3 Nb4
28. Rxb5 Nd3 29. Rc6 Rf6 30. Ra5 Nxf4 31. gxf4 Rfxd6 32. Rxd6 Rxd6 33. Re5 Rd3
34. Rxe4 Rxb3 35. Kf2 a5 36. Ra4 Rb5 37. Kf3 Kf7 38. Kg4 Kf6 39. Rc4 h5+ 40.
Kf3 g6 41. Rc6+ Kg7 42. Ra6 Kf7 43. h4 Kg7 44. Ke4 Kf7 45. Kd4 Kg7 46. e4 Rb4+
47. Ke5 Rb5+ 48. Ke6 Rb4 49. Ra7+ Kh6 50. Ke5 Rb5+ 51. Kf6 Rb6+ 52. Kf7 Rb4 53.
Re7 a4 54. Re8 Rb7+ 55. Kf6 Rb6+ 56. Ke5 Ra6 57. Rc8 a3 58. Rc1 a2 59. Ra1 Kg7
60. f5 gxf5 61. Kxf5 Kf7 62. e5 Ra5 63. Kf4 Ke6 64. Kg5 Rxe5+ 65. Kg6 Ra5 66.
Kh6 Kd5 67. Kxh5 Kc4+ 68. Kg6 Kb3 69. h5 Kb2 70. Rxa2+ Rxa2 71. h6 Kc3 72. h7
Rg2+ 73. Kf7 Rh2 74. Kg7 Kd4 75. h8=Q Rxh8 76. Kxh8  1/2-1/2

[Event "2nd Easter 4NCL Congress"]
[Site "Daventry"]
[Date "2022.04.15"]
[Round "1"]
[Board "5"]
[White "Ashcroft, Graham J"]
[Black "Sunny, Saurav"]
[Result "1/2-1/2"]
[WhiteElo "1982"]
[BlackElo "1818"]
[PlyCount "160"]
[EventDate "2022.04.15"]
[EventRounds "7"]
[EventCountry "ENG"]

1. c4 c5 2. g3 Nc6 3. Bg2 g6 4. e3 Bg7 5. Ne2 d6 6. O-O Nf6 7. Nbc3 O-O 8. b3
Bg4 9. Bb2 Qc8 10. d3 Ne5 11. f4 Nc6 12. Qd2 Bh3 13. Rac1 Rb8 14. d4 cxd4 15.
exd4 Bxg2 16. Kxg2 Qf5 17. h3 Ne4 18. Qe3 Nxc3 19. Bxc3 a5 20. g4 Qd7 21. d5
Nb4 22. Bxb4 axb4 23. Nd4 Ra8 24. Rf2 Rfe8 25. Rcc2 Qc7 26. Nb5 Qd7 27. f5 Be5
28. Nd4 Kg7 29. Rf3 h6 30. fxg6 Bxd4 31. Qxd4+ Kxg6 32. Rcf2 f6 33. Qd3+ Kg7
34. Qd2 b5 35. Qxb4 bxc4 36. Qxc4 Rec8 37. Qd4 Qa7 38. Qxa7 Rxa7 39. Rd3 Ra3
40. Kf3 Kg6 41. Kf4 Rc7 42. h4 Rca7 43. Rdd2 Rb7 44. Rfe2 Rb4+ 45. Re4 Rb7 46.
h5+ Kf7 47. Rc4 Rba7 48. Rcc2 Rb7 49. Rb2 Rb4+ 50. Kf5 Rb5 51. Ke4 Rb4+ 52. Rd4
Rb5 53. b4 e6 54. dxe6+ Kxe6 55. Rbd2 d5+ 56. Kf4 Ra4 57. Rb2 Ra3 58. Re2+ Kf7
59. Rc2 Ra4 60. Rc7+ Ke6 61. Rc6+ Ke7 62. Kf5 Rxa2 63. Re6+ Kf7 64. Rxf6+ Kg7
65. Rg6+ Kh7 66. Rc6 Rf2+ 67. Ke5 Re2+ 68. Kd6 Re4 69. Rc7+ Kg8 70. Rxd5 Rxd5+
71. Kxd5 Rxb4 72. Rc8+ Kf7 73. Rc7+ Kf6 74. Rc6+ Kg5 75. Rg6+ Kh4 76. Ke5 Rxg4
77. Kf5 Ra4 78. Rxh6 Ra5+ 79. Kg6 Rg5+ 80. Kf6 Rxh5  1/2-1/2

[Event "2nd Easter 4NCL Congress"]
[Site "Daventry"]
[Date "2022.04.15"]
[Round "1"]
[Board "6"]
[White "Georgiou, George"]
[Black "Kay, Lee P"]
[Result "0-1"]
[WhiteElo "1807"]
[BlackElo "1978"]
[PlyCount "86"]
[EventDate "2022.04.15"]
[EventRounds "7"]
[EventCountry "ENG"]

1. d4 g6 2. c4 Bg7 3. g3 d6 4. Bg2 f5 5. Nc3 Nf6 6. Bg5 O-O 7. Bxf6 Bxf6 8. Nf3
c6 9. O-O Qe8 10. e4 fxe4 11. Nxe4 Bg7 12. Re1 Bg4 13. Neg5 Qd7 14. h3 Bxf3 15.
Nxf3 Na6 16. Qd2 Nc7 17. Re2 Rae8 18. Rae1 b6 19. b4 b5 20. cxb5 Nxb5 21. Rc1
Rxf3 22. Bxf3 Nxd4 23. Bxc6 Qxh3 24. Bg2 Nxe2+ 25. Qxe2 Qf5 26. Qe4 Qxe4 27.
Bxe4 Rb8 28. Bd5+ Kf8 29. Rc7 Bd4 30. b5 Rxb5 31. Rc8+ Kg7 32. Rg8+ Kh6 33. Bb3
Rf5 34. Re8 Rxf2 35. Kh1 Re2 36. Bc4 Re1+ 37. Kg2 Kg5 38. Rf8 Rc1 39. Bb3 Rg1+
40. Kh2 Re1 41. Rd8 Kg4 42. Rf8 Re2+ 43. Kh1 Kxg3  0-1

[Event "2nd Easter 4NCL Congress"]
[Site "Daventry"]
[Date "2022.04.15"]
[Round "1"]
[Board "7"]
[White "Mckay, Jonathan"]
[Black "Chantrell, Paul"]
[Result "1-0"]
[WhiteElo "1964"]
[BlackElo "1783"]
[PlyCount "114"]
[EventDate "2022.04.15"]
[EventRounds "7"]
[EventCountry "ENG"]

1. Nf3 d5 2. c4 c6 3. b3 Bf5 4. Bb2 Nf6 5. d3 e6 6. g3 h6 7. Bg2 Be7 8. O-O O-O
9. Nbd2 a5 10. a3 Re8 11. Ne5 Nbd7 12. e4 dxe4 13. dxe4 Bh7 14. Qe2 Nxe5 15.
Bxe5 Nd7 16. Bc3 Bf6 17. Bxf6 Qxf6 18. Qe3 Qe5 19. Rac1 Qc5 20. Qc3 Qxa3 21. c5
a4 22. Rfd1 Red8 23. bxa4 Qxc3 24. Rxc3 Ne5 25. f4 Ng6 26. Bf3 Rxa4 27. Nc4
Rxd1+ 28. Bxd1 Rb4 29. Bf3 Kf8 30. Nd6 Ne7 31. Ra3 g5 32. Ra8+ Kg7 33. Ne8+ Kf8
34. Nf6+ Kg7 35. Nh5+ Kg6 36. Re8 Ng8 37. f5+ exf5 38. exf5+ Kxf5 39. g4+ Kg6
40. Be4+ f5 41. Bxf5+ Kf7 42. Rc8 Bxf5 43. gxf5 Rh4 44. Rc7+ Kf8 45. Ng7 Nf6
46. Ne6+ Ke8 47. Rxb7 Nd5 48. Rb8+ Kd7 49. Rd8+ Ke7 50. Rd6 Nb4 51. Nd4 h5 52.
Nf3 Rg4+ 53. Kh1 h4 54. f6+ Ke8 55. f7+ Ke7 56. Ne5 Re4 57. Rd7+ Kf8  1-0

[Event "2nd Easter 4NCL Congress"]
[Site "Daventry"]
[Date "2022.04.15"]
[Round "1"]
[Board "8"]
[White "Winter, Kevin"]
[Black "Sajanani, Vikas"]
[Result "0-1"]
[WhiteElo "1760"]
[BlackElo "1963"]
[PlyCount "120"]
[EventDate "2022.04.15"]
[EventRounds "7"]
[EventCountry "ENG"]

1. d4 Nf6 2. Nf3 d5 3. Bg5 Ne4 4. Bf4 c5 5. e3 Qb6 6. Qc1 Nc6 7. c3 Bf5 8. Nbd2
Rc8 9. Nxe4 Bxe4 10. Qd2 cxd4 11. exd4 Na5 12. b3 e6 13. Be2 Rxc3 14. O-O Rc2
15. Qd1 Ba3 16. Bc1 Rxc1 17. Rxc1 Bxc1 18. Qxc1 O-O 19. Qc5 Nc6 20. Qxb6 axb6
21. Rd1 Bxf3 22. Bxf3 Ra8 23. a4 Rc8 24. Rc1 Ne7 25. Rxc8+ Nxc8 26. Kf1 b5 27.
Ke2 b4 28. Ke3 Na7 29. Be2 Kf8 30. Bd3 h6 31. h4 Ke7 32. g3 Kd6 33. g4 f6 34.
f3 Nc6 35. Be2 e5 36. dxe5+ fxe5 37. g5 Nd4 38. gxh6 gxh6 39. Bd1 Nf5+ 40. Kf2
Nxh4 41. Bc2 Ke6 42. Bh7 Nf5 43. Bg8+ Kd6 44. Bh7 Nd4 45. Bd3 Nxb3 46. Ke3 d4+
47. Kf2 Nc5 48. Bb1 b3 49. a5 Na4 50. Be4 b2 51. Bxb7 b1=Q 52. a6 Nc5 53. Be4
Nxe4+ 54. fxe4 Qxe4 55. a7 h5 56. Kg3 d3 57. Kh2 d2 58. Kh3 d1=Q 59. a8=Q Qdh1+
60. Kg3 Qhh4#  0-1

[Event "2nd Easter 4NCL Congress"]
[Site "Daventry"]
[Date "2022.04.15"]
[Round "1"]
[Board "9"]
[White "Tart, Peter K"]
[Black "Willow, Hambel M"]
[Result "1-0"]
[WhiteElo "1962"]
[BlackElo "1751"]
[PlyCount "111"]
[EventDate "2022.04.15"]
[EventRounds "7"]
[EventCountry "ENG"]

1. e4 c6 2. d4 d5 3. exd5 cxd5 4. Bd3 Nf6 5. h3 e6 6. Nf3 Bd6 7. O-O Nc6 8. c3
O-O 9. Re1 h6 10. Ne5 Qc7 11. Bf4 Nd7 12. Qh5 Bxe5 13. dxe5 Nc5 14. Bc2 f5 15.
Nd2 Qf7 16. Qxf7+ Rxf7 17. h4 b6 18. Nb3 Ba6 19. Rad1 Rc8 20. Nd4 Nxd4 21. Rxd4
Ne4 22. f3 Nc5 23. g4 fxg4 24. Bg6 Rff8 25. fxg4 Bb5 26. g5 Be8 27. Bxe8 Rcxe8
28. gxh6 Rxf4 29. Rxf4 Nd3 30. Ref1 Nxf4 31. Rxf4 gxh6 32. Rf6 Kg7 33. Kg2 Re7
34. Kg3 h5 35. Kf4 b5 36. Kg5 b4 37. Kxh5 bxc3 38. bxc3 Rc7 39. Rxe6 Rxc3 40.
Rd6 Ra3 41. Rxd5 Rxa2 42. Rd7+ Kf8 43. Kg6 a5 44. h5 a4 45. h6 a3 46. h7 Rg2+
47. Kf6 Rf2+ 48. Ke6 Rh2 49. Rf7+ Ke8 50. Ra7 Rh6+ 51. Kf5 a2 52. Rxa2 Rxh7 53.
Ra8+ Kf7 54. Ra7+ Kg8 55. Rxh7 Kxh7 56. Kf6  1-0

[Event "2nd Easter 4NCL Congress"]
[Site "Daventry"]
[Date "2022.04.15"]
[Round "1"]
[Board "10"]
[White "Nilsson, Adam"]
[Black "Fallowfield, Nicholas"]
[Result "0-1"]
[WhiteElo "1744"]
[BlackElo "1959"]
[PlyCount "90"]
[EventDate "2022.04.15"]
[EventRounds "7"]
[EventCountry "ENG"]

1. d4 d5 2. Bf4 Bg4 3. h3 Bh5 4. c4 c6 5. Qb3 Qb6 6. c5 Qxb3 7. axb3 Nd7 8. b4
f6 9. g4 Bg6 10. Nf3 Be4 11. Nbd2 e5 12. Bg3 Bxf3 13. Nxf3 e4 14. Nd2 h5 15.
gxh5 f5 16. e3 Ngf6 17. b5 Nxh5 18. bxc6 bxc6 19. Bh2 f4 20. b4 Rb8 21. b5 cxb5
22. c6 Nb6 23. c7 Rc8 24. Bxb5+ Kf7 25. Rxa7 Bd6 26. O-O Rxc7 27. Ra6 Nc8 28.
Bc6 Nf6 29. Rb1 Rxh3 30. Bb7 Rxh2 31. Kxh2 fxe3+ 32. Rxd6 Nxd6 33. Nxe4 Ndxe4
34. fxe3 Ng4+ 35. Kg1 Nxe3 36. Rb5 Rc2 37. Bxd5+ Nxd5 38. Rxd5 Nf6 39. Rb5 Rd2
40. Rb4 Ke6 41. Rb7 g5 42. Rb6+ Kf5 43. Rb5+ Kf4 44. Rb6 Nd5 45. Rd6 Rxd4  0-1